000 00543nam a22001697a 4500
008 161115b xxu||||| |||| 00| 0 eng d
020 _a978-971-574-175-0
082 _22012
_aDFil 128
_bD98p
100 _917365
_aDy, Manuel B., Jr.
_eauthor.
245 _aPhilosophy of man:
_bselected readings/
_cManuel B. Dy, Jr.
250 _aThird edition.
260 _aMakati City:
_bKatha Publishing,
_cc2012.
300 _axiii, 301 pages;
_c25 cm.
650 0 _917366
_aPhilosophical anthropology.
650 0 _917367
_aMetaphysics.
942 _2ddc
_cDFIL
999 _c5656
_d5656